02028cam a22004457a 4500003000500000005001700005008004100022010001000063011001000073035001000083040000900093090001000102100003200112245017500144260004100319300003800360502011700398590003700515590004100552590004100593590004100634590004200675650003500717650002600752650003400778650002900812650003500841650004200876700004900918901000700967905002300974942000900997949005501006949005501061949004201116999001701158952014001175952014001315952012701455CHAP20220817043424.0980316d1997 mx b r 00110 spa d a74961 a75933 a85506 cCHAP aTesis00aLozano Torres, Omar.96880610aPerspectivas de exportación de flores de corte a los Estados Unidos ante la apertura comercial del TLCANc/por Omar Lozano Torres y Tomás Cuauhtémoc Aguirre Aguirre aChapingo, Méx. :bEl autor,c1997. a85 h. :bgráfs. ; mapa ; anexos aTesis (Lic. en Comercio Internacional de Productos Agropecuarios) -- UACH. Departamento de Economía Agrícola aALEPHb10c20130110lUCH01h1422 aBATCH-UPDb10c20130110lUCH01h0537 aBATCH-UPDb10c20130410lUCH01h0218 aBATCH-UPDb10c20130913lUCH01h2316 aCONVERSIONb10c20130109lUCH01h134114aComercio internacional.92564114aFloresxCorte.94136814aFloresxExportación.94137814aFloresxMercadeo.94138814aFloriculturazMéxico.94185214aTratado Trilateral de Libre Comercio.0 aAguirre Aguirre, Tomás Cuauhtémoc.92946 aBK aLilia Sánchez G. cFOLL bBCcTESd33724000586004eTS2fc.2h32381i85506sb bBCcTESd33724000600078eTS2fc.3h32677i85506si bBCcTESd855061eTS1h32380i85506sb c74961d74961 00102local4053708TESISaBCbBCcPA_TESISd2019-12-31fTESISl0oTesisp33724000586004r2019-12-31 00:00:00tc.2w2019-12-31yTESIS 00102local4053708TESISaBCbBCcPA_TESISd2019-12-31fTESISl0oTesisp33724000600078r2019-12-31 00:00:00tc.3w2019-12-31yTESIS 00102local4051708TESISaBCbBCcPA_TESISd2019-12-31fTESISl0oTesisp855061r2019-12-31 00:00:00w2019-12-31yTESIS